00473 2200169 4500001002100000005001500021035002000036245008500056100001900141250001700160300003200177260003100209082001000240084001700250020002200267650001400289INLIS00000000000043820240630080645 a0010-06240001471 aBuku Pengayaan Seri Ketrampilan Dasar :bKeterampilan Menyulam /cSiti Ambarwati0 aSiti Ambarwati acetakan ke-1 avi, 50 hlm :bilus ;c21 cm aJakarta :bJP Books,c2007 a745.5 a745.5 SIT b a978-979-348-786-1 4aKerajinan